[Event "Torneo Benidorm Gran Hotel Bali - B 2022"]
[Site "Benidorm ESP"]
[Date "2022.12.08"]
[Round "7.11"]
[White "Penarrubia Blasco, Jose Alfredo"]
[Black "Pomares Munoz, Ruben"]
[Result "1/2-1/2"]
[WhiteElo "1900"]
[BlackElo "1837"]
[PlyCount "152"]
[EventDate "2022.12.03"]
[EventType "swiss"]
[EventRounds "9"]
[EventCountry "ESP"]
[SourceTitle "Ajedrez en Madrid"]
[Source "lmi"]
[SourceDate "2022.12.03"]
[SourceVersion "1"]
[SourceVersionDate "2022.12.10"]
[SourceQuality "1"]

1. e4 {[%emt 0:00:02]} c6 {[%emt 0:00:23]} 2. Nc3 {[%emt 0:04:34]} d5 {[%emt 0:00:09]} 3. exd5 {[%emt 0:00:05]} cxd5 {[%emt 0:00:04]} 4. d4 {[%emt 0:00:05]} Nf6 {[%emt 0:00:32]} 5. Bd3 {[%emt 0:00:31]} Nc6 {[%emt 0:00:11]} 6. Nge2 {[%emt 0:02:20]} a6 {[%emt 0:03:34]} 7. h3 {[%emt 0:00:32]} Nb4 {[%emt 0:01:08]} 8. O-O {[%emt 0:00:37]} Nxd3 {[%emt 0:00:25]} 9. Qxd3 {[%emt 0:00:07]} e6 {[%emt 0:00:19]} 10. Ng3 {[%emt 0:04:32]} Bd6 {[%emt 0:00:47]} 11. Re1 {[%emt 0:04:12]} O-O {[%emt 0:01:41]} 12. Qf3 {[%emt 0:03:22]} b5 {[%emt 0:03:51]} 13. Bg5 {[%emt 0:02:17]} h6 {[%emt 0:05:36]} 14. Be3 {[%emt 0:02:14]} Bb7 {[%emt 0:02:57]} 15. Nce2 {[%emt 0:06:17]} Rb8 {[%emt 0:07:19]} 16. Nf4 {[%emt 0:10:41]} e5 {[%emt 0:03:22]} 17. Nfh5 {[%emt 0:00:49]} Nxh5 {[%emt 0:12:50]} 18. Qxh5 {[%emt 0:03:17]} e4 {[%emt 0:07:24]} 19. Nf5 {[%emt 0:03:19]} Qf6 {[%emt 0:06:29]} 20. g4 {[%emt 0:17:05]} Bc8 {[%emt 0:03:20]} 21. Nxd6 {[%emt 0:06:13]} Qxd6 {[%emt 0:00:04]} 22. g5 {[%emt 0:00:56]} hxg5 {[%emt 0:00:07]} 23. Bxg5 {[%emt 0:02:08]} Rb6 {[%emt 0:00:55]} 24. Kh1 {[%emt 0:04:38]} Qg6 {[%emt 0:00:43]} 25. Qh4 {[%emt 0:02:41]} Qf5 {[%emt 0:02:25]} 26. Kh2 {[%emt 0:01:36]} Qh7 {[%emt 0:05:10]} 27. Qxh7+ {[%emt 0:01:59]} Kxh7 {[%emt 0:00:07]} 28. h4 {[%emt 0:00:15]} f5 {[%emt 0:01:08]} 29. Kg3 {[%emt 0:02:07]} Rc6 {[%emt 0:01:41]} 30. c3 {[%emt 0:00:44]} g6 {[%emt 0:00:48]} 31. Kf4 {[%emt 0:00:07]} Kg7 {[%emt 0:02:29]} 32. Rh1 {[%emt 0:01:04]} Rh8 {[%emt 0:01:53]} 33. Ke5 {[%emt 0:02:32]} Bb7 {[%emt 0:00:22]} 34. Rag1 {[%emt 0:03:01]} Kf7 {[%emt 0:00:11]} 35. a3 {[%emt 0:00:39]} a5 {[%emt 0:00:46]} 36. Rg3 {[%emt 0:01:12]} Re6+ {[%emt 0:01:46]} 37. Kf4 {[%emt 0:00:06]} Bc6 {[%emt 0:00:46]} 38. Rgh3 {[%emt 0:01:21]} Rh5 {[%emt 0:00:14]} 39. Re1 {[%emt 0:00:52]} Be8 {[%emt 0:01:03]} 40. Reh1 {[%emt 0:00:47]} Kg7 {[%emt 0:01:39]} 41. Bd8 {[%emt 0:00:19]} Ra6 {[%emt 0:02:34]} 42. Ke5 {[%emt 0:01:40]} Bf7 {[%emt 0:00:17]} 43. Rg1 {[%emt 0:01:10]} Rh8 {[%emt 0:06:32]} 44. Bg5 {[%emt 0:00:20]} Re8+ {[%emt 0:00:34]} 45. Kf4 {[%emt 0:00:26]} Rae6 {[%emt 0:01:55]} 46. a4 {[%emt 0:03:20]} bxa4 {[%emt 0:02:48]} 47. h5 {[%emt 0:01:05]} Rb8 {[%emt 0:01:06]} 48. hxg6 {[%emt 0:00:58]} Bxg6 {[%emt 0:00:42]} 49. Ra1 {[%emt 0:01:34]} Rxb2 {[%emt 0:00:34]} 50. Rxa4 {[%emt 0:01:07]} Rxf2+ {[%emt 0:01:24]} 51. Ke3 {[%emt 0:00:03]} Rc2 {[%emt 0:01:29]} 52. Kf4 {[%emt 0:01:03]} Rg2 {[%emt 0:03:42]} 53. Bh6+ {[%emt 0:00:33]} Kf6 {[%emt 0:00:17]} 54. Rxa5 {[%emt 0:00:37]} Rg4+ 55. Ke3 {[%emt 0:00:21]} Rc6 {[%emt 0:00:19]} 56. Rc5 {[%emt 0:00:20]} Rxc5 {[%emt 0:01:50]} 57. dxc5 Ke6 {[%emt 0:00:26]} 58. Bf4 {[%emt 0:00:31]} Kd7 {[%emt 0:00:20]} 59. Rh1 {[%emt 0:00:52]} Kc6 {[%emt 0:00:43]} 60. Bd6 {[%emt 0:00:34]} f4+ {[%emt 0:00:22]} 61. Bxf4 {[%emt 0:00:28]} Kxc5 {[%emt 0:00:04]} 62. Be5 {[%emt 0:00:16]} Rg2 {[%emt 0:00:45]} 63. Ra1 {[%emt 0:00:06]} Be8 {[%emt 0:02:48]} 64. Ra5+ {[%emt 0:00:59]} Bb5 {[%emt 0:00:01]} 65. Ra8 {[%emt 0:00:45]} Re2+ {[%emt 0:01:32]} 66. Kf4 {[%emt 0:00:03]} Kc4 {[%emt 0:01:10]} 67. Ra1 {[%emt 0:00:43]} Rf2+ {[%emt 0:02:23]} 68. Ke3 {[%emt 0:00:18]} Rf3+ {[%emt 0:00:06]} 69. Kd2 {[%emt 0:00:49]} Rd3+ {[%emt 0:00:04]} 70. Ke2 {[%emt 0:00:42]} Rf3 {[%emt 0:01:31]} 71. Bd4 {[%emt 0:00:31]} Rh3 {[%emt 0:00:38]} 72. Rb1 {[%emt 0:00:30]} Rh2+ {[%emt 0:00:34]} 73. Ke3 {[%emt 0:00:14]} Rh3+ {[%emt 0:00:15]} 74. Kf4 {[%emt 0:01:06]} Rf3+ {[%emt 0:00:17]} 75. Ke5 {[%emt 0:00:01]} Rg3 {[%emt 0:00:06]} 76. Rb4+ {[%emt 0:00:02] Be8 Kxd5+} Kd3 {[%emt 0:00:07] Be5 Rg5 Rd4+ e3 Re4} 1/2-1/2

[Event "Torneo Benidorm Gran Hotel Bali - B 2022"]
[Site "Benidorm ESP"]
[Date "2022.12.08"]
[Round "7.12"]
[White "Romera Carrion, Ruben"]
[Black "Donate Moreno, David"]
[Result "1-0"]
[WhiteElo "1870"]
[BlackElo "1891"]
[PlyCount "101"]
[EventDate "2022.12.03"]
[EventType "swiss"]
[EventRounds "9"]
[EventCountry "ESP"]
[SourceTitle "Ajedrez en Madrid"]
[Source "lmi"]
[SourceDate "2022.12.03"]
[SourceVersion "1"]
[SourceVersionDate "2022.12.10"]
[SourceQuality "1"]

1. d4 {[%emt 0:09:21]} Nf6 {[%emt 0:00:18]} 2. c4 {[%emt 0:00:03]} c5 {[%emt 0:00:52]} 3. d5 {[%emt 0:00:05]} b5 {[%emt 0:00:31]} 4. cxb5 {[%emt 0:00:04]} a6 5. bxa6 {[%emt 0:02:41]} g6 {[%emt 0:02:02]} 6. Nc3 {[%emt 0:00:05]} Bg7 {[%emt 0:02:35]} 7. g3 {[%emt 0:00:38]} O-O {[%emt 0:01:08]} 8. Bg2 {[%emt 0:00:10]} d6 {[%emt 0:01:08]} 9. Nf3 {[%emt 0:00:21]} Bxa6 {[%emt 0:00:34]} 10. O-O {[%emt 0:00:09]} Nbd7 {[%emt 0:02:08]} 11. Qc2 {[%emt 0:00:59]} Qb6 {[%emt 0:09:32]} 12. b3 {[%emt 0:13:30]} Bb7 {[%emt 0:06:08]} 13. Nh4 {[%emt 0:12:01]} Rfb8 {[%emt 0:23:51]} 14. Rd1 {[%emt 0:14:14]} Ne8 {[%emt 0:03:57]} 15. Bb2 {[%emt 0:07:45]} Ndf6 {[%emt 0:02:02]} 16. Na4 {[%emt 0:03:29]} Qa7 {[%emt 0:06:38]} 17. e4 {[%emt 0:02:51]} Nc7 {[%emt 0:03:56]} 18. Bf1 {[%emt 0:13:23]} Ba6 {[%emt 0:04:36]} 19. Bxa6 {[%emt 0:01:42]} Qxa6 {[%emt 0:01:29]} 20. Rac1 {[%emt 0:02:38]} Rb4 {[%emt 0:04:09]} 21. Re1 {[%emt 0:03:17]} Nb5 {[%emt 0:06:31]} 22. Nf3 {[%emt 0:02:07]} Nc7 {[%emt 0:04:19]} 23. Nd2 {[%emt 0:02:00]} Rab8 {[%emt 0:02:48]} 24. Nc4 {[%emt 0:01:50]} Nce8 {[%emt 0:03:53]} 25. Rcd1 {[%emt 0:00:24]} Qa8 {[%emt 0:02:24]} 26. Bc3 {[%emt 0:01:23]} R4b5 {[%emt 0:00:27]} 27. Qd3 {[%emt 0:01:42]} Nc7 {[%emt 0:01:18]} 28. Ne3 {[%emt 0:01:07]} Nd7 {[%emt 0:00:32]} 29. Bxg7 {[%emt 0:00:34]} Kxg7 30. Nc4 {[%emt 0:00:07]} Nf6 {[%emt 0:00:24]} 31. Nc3 {[%emt 0:00:44]} Rb4 {[%emt 0:00:42]} 32. Qe2 {[%emt 0:01:34]} Nb5 {[%emt 0:00:43]} 33. Nxb5 {[%emt 0:00:18]} R4xb5 {[%emt 0:01:06]} 34. Qd2 {[%emt 0:00:39]} Rd8 {[%emt 0:01:00]} 35. e5 {[%emt 0:01:31]} dxe5 {[%emt 0:00:54]} 36. Rxe5 {[%emt 0:00:09]} Rb7 {[%emt 0:00:45]} 37. Qc2 {[%emt 0:01:23]} Ra7 {[%emt 0:00:20]} 38. a4 {[%emt 0:00:18]} Rxd5 {[%emt 0:00:32]} 39. Rexd5 {[%emt 0:00:59]} Nxd5 {[%emt 0:00:17]} 40. Qe4 {[%emt 0:00:31]} e6 {[%emt 0:00:57]} 41. Ne3 {[%emt 0:00:41]} Nxe3 {[%emt 0:00:39]} 42. Qxe3 {[%emt 0:00:10]} Qc6 {[%emt 0:00:41]} 43. Qe5+ {[%emt 0:00:26]} f6 {[%emt 0:01:04]} 44. Qc3 {[%emt 0:01:29]} Rc7 {[%emt 0:00:32]} 45. Rc1 {[%emt 0:00:11]} Qa8 {[%emt 0:01:11]} 46. Qc4 {[%emt 0:00:13]} Qe8 {[%emt 0:00:45]} 47. Re1 {[%emt 0:00:22]} e5 {[%emt 0:00:22]} 48. Rd1 {[%emt 0:00:02]} Qc6 {[%emt 0:00:51]} 49. Rd8 {[%emt 0:00:07]} Rd7 {[%emt 0:00:46]} 50. Rg8+ {[%emt 0:00:06]} Kh6 {[%emt 0:00:04]} 51. Qh4# {[%emt 0:00:03]} 1-0

[Event "Torneo Benidorm Gran Hotel Bali - B 2022"]
[Site "Benidorm ESP"]
[Date "2022.12.09"]
[Round "8.1"]
[White "Oreshkin, Vladislav"]
[Black "Kushal, O."]
[Result "1/2-1/2"]
[WhiteElo "1912"]
[BlackElo "1801"]
[PlyCount "30"]
[EventDate "2022.12.03"]
[EventType "swiss"]
[EventRounds "9"]
[EventCountry "ESP"]
[SourceTitle "Ajedrez en Madrid"]
[Source "lmi"]
[SourceDate "2022.12.03"]
[SourceVersion "1"]
[SourceVersionDate "2022.12.10"]
[SourceQuality "1"]

1. Nf3 {[%emt 0:00:01]} Nf6 {[%emt 0:02:26]} 2. e3 {[%emt 0:00:05]} g6 {[%emt 0:00:48]} 3. b3 {[%emt 0:00:08]} Bg7 {[%emt 0:00:05]} 4. Bb2 c5 {[%emt 0:00:15]} 5. Be2 {[%emt 0:00:32]} Nc6 {[%emt 0:00:04]} 6. O-O {[%emt 0:00:17]} O-O {[%emt 0:00:06]} 7. d4 {[%emt 0:03:17]} cxd4 {[%emt 0:00:27]} 8. Nxd4 {[%emt 0:01:57]} Re8 {[%emt 0:00:42]} 9. c4 {[%emt 0:02:47]} e5 {[%emt 0:08:10]} 10. Nb5 {[%emt 0:04:20]} d5 {[%emt 0:00:36]} 11. cxd5 {[%emt 0:05:42]} Nxd5 {[%emt 0:00:41]} 12. N1c3 {[%emt 0:07:23]} Nxc3 {[%emt 0:03:35]} 13. Nxc3 {[%emt 0:01:47]} Be6 {[%emt 0:02:48]} 14. Bf3 {[%emt 0:05:50]} Qa5 {[%emt 0:13:11]} 15. Qe2 {[%emt 0:06:45]} Red8 {[%emt 0:09:43]} 1/2-1/2

[Event "Torneo Benidorm Gran Hotel Bali - B 2022"]
[Site "Benidorm ESP"]
[Date "2022.12.09"]
[Round "8.2"]
[White "Perez Garcia, Juan Angel"]
[Black "Amoros Moran, Jose Joaquin"]
[Result "1/2-1/2"]
[WhiteElo "1893"]
[BlackElo "1830"]
[PlyCount "101"]
[EventDate "2022.12.03"]
[EventType "swiss"]
[EventRounds "9"]
[EventCountry "ESP"]
[SourceTitle "Ajedrez en Madrid"]
[Source "lmi"]
[SourceDate "2022.12.03"]
[SourceVersion "1"]
[SourceVersionDate "2022.12.10"]
[SourceQuality "1"]

1. d4 {[%emt 0:33:53]} Nf6 {[%emt 0:01:49]} 2. Bf4 {[%emt 0:00:13]} d5 {[%emt 0:01:27]} 3. e3 {[%emt 0:00:29]} e6 {[%emt 0:01:03]} 4. Nf3 {[%emt 0:00:20]} Be7 {[%emt 0:00:37]} 5. h3 {[%emt 0:00:16]} Nbd7 {[%emt 0:01:39]} 6. Bd3 {[%emt 0:00:32]} h6 {[%emt 0:00:25]} 7. Nbd2 {[%emt 0:01:53]} Bd6 {[%emt 0:06:39]} 8. Ne5 {[%emt 0:00:54]} Qe7 {[%emt 0:03:34]} 9. a3 {[%emt 0:04:23]} Nb6 {[%emt 0:11:00]} 10. Qe2 {[%emt 0:07:07]} Bd7 {[%emt 0:04:00]} 11. c4 {[%emt 0:03:42]} dxc4 {[%emt 0:00:31]} 12. Ndxc4 {[%emt 0:00:29]} Nxc4 {[%emt 0:00:25]} 13. Bxc4 {[%emt 0:00:25]} c6 {[%emt 0:05:57]} 14. Bd3 {[%emt 0:03:40]} a5 {[%emt 0:17:51]} 15. O-O {[%emt 0:01:48]} O-O {[%emt 0:00:46]} 16. Bh2 {[%emt 0:00:19]} Be8 {[%emt 0:04:43]} 17. Rac1 {[%emt 0:06:12]} Nd7 {[%emt 0:04:41]} 18. f4 {[%emt 0:00:44]} f5 {[%emt 0:05:34]} 19. Bc4 {[%emt 0:01:03]} Nf6 {[%emt 0:02:18]} 20. Rfd1 {[%emt 0:01:29]} Bxe5 {[%emt 0:03:24]} 21. fxe5 {[%emt 0:01:17]} Ne4 {[%emt 0:01:19]} 22. Bd3 {[%emt 0:00:12]} Qh4 {[%emt 0:01:50]} 23. Rf1 {[%emt 0:02:01]} g5 {[%emt 0:03:11]} 24. Qc2 {[%emt 0:03:00]} Bf7 {[%emt 0:05:17]} 25. Bxe4 {[%emt 0:04:25]} Qxe4 {[%emt 0:00:32]} 26. Qxe4 {[%emt 0:00:06]} fxe4 {[%emt 0:00:07]} 27. Rf6 {[%emt 0:01:04]} Kg7 {[%emt 0:01:01]} 28. g4 {[%emt 0:04:38]} Rfd8 {[%emt 0:01:55]} 29. Bg3 {[%emt 0:03:37]} Rd7 {[%emt 0:01:20]} 30. Be1 {[%emt 0:00:30]} a4 {[%emt 0:00:26]} 31. Bb4 {[%emt 0:01:50]} Ra6 {[%emt 0:01:29]} 32. Rf2 {[%emt 0:00:35]} Ra8 {[%emt 0:00:24]} 33. Bd6 {[%emt 0:00:25]} Ra6 {[%emt 0:01:23]} 34. Rc4 {[%emt 0:00:37]} Ra8 {[%emt 0:01:28]} 35. Rb4 {[%emt 0:00:14]} Ra6 {[%emt 0:02:10]} 36. Rc2 {[%emt 0:00:29]} Be8 {[%emt 0:00:30]} 37. Rcc4 {[%emt 0:01:34]} b5 {[%emt 0:00:33]} 38. Rc5 {[%emt 0:01:29]} Rf7 {[%emt 0:00:14]} 39. Rc3 {[%emt 0:01:26]} Rf3 {[%emt 0:00:24]} 40. Kg2 {[%emt 0:03:02]} Ra7 {[%emt 0:00:49]} 41. b3 {[%emt 0:01:08]} axb3 {[%emt 0:00:18]} 42. Rbxb3 {[%emt 0:01:06]} Kg6 {[%emt 0:00:32]} 43. Rb2 {[%emt 0:02:13]} Raf7 {[%emt 0:00:40]} 44. Bc5 {[%emt 0:01:58]} h5 {[%emt 0:00:20]} 45. Rcc2 {[%emt 0:06:10]} h4 {[%emt 0:02:41]} 46. Rf2 {[%emt 0:05:53]} Rxe3 {[%emt 0:00:01]} 47. Rxf7 {[%emt 0:01:19]} Rg3+ {[%emt 0:00:39]} 48. Kh2 {[%emt 0:01:05]} Bxf7 {[%emt 0:02:07]} 49. Rf2 {[%emt 0:00:04]} e3 {[%emt 0:00:07]} 50. Re2 {[%emt 0:00:04]} Kh6 {[%emt 0:01:10]} 51. Be7 {[%emt 0:00:18]} 1/2-1/2

[Event "Torneo Benidorm Gran Hotel Bali - B 2022"]
[Site "Benidorm ESP"]
[Date "2022.12.09"]
[Round "8.3"]
[White "Dura Olmos, Gines Raul"]
[Black "Ramadugu, Akshay"]
[Result "1-0"]
[WhiteElo "1998"]
[BlackElo "1812"]
[PlyCount "67"]
[EventDate "2022.12.03"]
[EventType "swiss"]
[EventRounds "9"]
[EventCountry "ESP"]
[SourceTitle "Ajedrez en Madrid"]
[Source "lmi"]
[SourceDate "2022.12.03"]
[SourceVersion "1"]
[SourceVersionDate "2022.12.10"]
[SourceQuality "1"]

1. Nf3 {[%emt 0:00:03]} d5 {[%emt 0:02:04]} 2. c4 {[%emt 0:00:06]} d4 {[%emt 0:00:15]} 3. b4 {[%emt 0:00:11]} f6 {[%emt 0:00:12]} 4. e3 {[%emt 0:00:04]} e5 {[%emt 0:00:06]} 5. c5 {[%emt 0:00:07]} a5 {[%emt 0:00:39]} 6. Bb5+ {[%emt 0:00:07]} Bd7 {[%emt 0:08:40]} 7. Bc4 {[%emt 0:00:49]} Ne7 {[%emt 0:01:09]} 8. exd4 {[%emt 0:01:17]} e4 {[%emt 0:08:58]} 9. Nh4 {[%emt 0:00:22]} Nbc6 {[%emt 0:08:09]} 10. Qb3 {[%emt 0:01:01]} Nf5 {[%emt 0:02:30]} 11. Bf7+ {[%emt 0:03:01]} Ke7 {[%emt 0:00:31]} 12. Bg6 {[%emt 0:00:32]} Nh6 {[%emt 0:05:46]} 13. Nc3 {[%emt 0:11:30]} Be6 {[%emt 0:06:37]} 14. d5 {[%emt 0:00:28]} axb4 {[%emt 0:20:04]} 15. Bxe4 {[%emt 0:12:56]} bxc3 {[%emt 0:04:27]} 16. dxe6 {[%emt 0:04:25]} cxd2+ {[%emt 0:02:23]} 17. Bxd2 {[%emt 0:00:14]} Qd4 {[%emt 0:01:11]} 18. Qb1 {[%emt 0:02:03]} Qc4 {[%emt 0:12:30]} 19. Bxc6 {[%emt 0:04:45]} bxc6 {[%emt 0:00:18]} 20. Qb7 {[%emt 0:00:52]} Qe4+ {[%emt 0:06:18]} 21. Kf1 {[%emt 0:01:43]} Qc4+ {[%emt 0:05:14]} 22. Kg1 {[%emt 0:00:43]} Rxa2 {[%emt 0:01:04]} 23. Qxc7+ {[%emt 0:01:21]} Kxe6 {[%emt 0:00:03]} 24. Re1+ {[%emt 0:00:59]} Kd5 {[%emt 0:00:20]} 25. Qd8+ {[%emt 0:00:51]} Kxc5 {[%emt 0:00:29]} 26. Be3+ {[%emt 0:00:19]} Kb4 {[%emt 0:00:51]} 27. Rb1+ {[%emt 0:02:15]} Kc3 {[%emt 0:00:35]} 28. Nf3 {[%emt 0:10:33]} Qe2 {[%emt 0:02:33]} 29. Qd4+ {[%emt 0:05:20]} Kc2 {[%emt 0:00:03]} 30. Rc1+ {[%emt 0:00:13]} Kb3 {[%emt 0:00:09]} 31. Rc3+ {[%emt 0:00:57]} Kb2 {[%emt 0:00:09]} 32. Rd3+ {[%emt 0:00:30]} Kb1 {[%emt 0:00:38]} 33. Rd1+ {[%emt 0:00:28]} Kc2 {[%emt 0:00:05]} 34. Rd2+ {[%emt 0:00:55]} 1-0

[Event "Torneo Benidorm Gran Hotel Bali - B 2022"]
[Site "Benidorm ESP"]
[Date "2022.12.09"]
[Round "8.4"]
[White "Prudhvi, Kumar V"]
[Black "Aledo Yanguas, David"]
[Result "0-1"]
[WhiteElo "1733"]
[BlackElo "1953"]
[PlyCount "64"]
[EventDate "2022.12.03"]
[EventType "swiss"]
[EventRounds "9"]
[EventCountry "ESP"]
[SourceTitle "Ajedrez en Madrid"]
[Source "lmi"]
[SourceDate "2022.12.03"]
[SourceVersion "1"]
[SourceVersionDate "2022.12.10"]
[SourceQuality "1"]

1. b3 {[%emt 0:00:47]} e5 {[%emt 0:04:29]} 2. Bb2 {[%emt 0:00:10]} Nc6 {[%emt 0:00:07]} 3. e3 {[%emt 0:00:06]} d5 {[%emt 0:00:22]} 4. Bb5 {[%emt 0:00:40]} Bd6 {[%emt 0:00:46]} 5. Nf3 {[%emt 0:00:11]} f6 {[%emt 0:01:42]} 6. d4 {[%emt 0:04:55]} e4 {[%emt 0:05:41]} 7. Nfd2 {[%emt 0:00:08]} a6 {[%emt 0:00:31]} 8. Bxc6+ {[%emt 0:02:26]} bxc6 {[%emt 0:00:06]} 9. c4 {[%emt 0:00:06]} h5 {[%emt 0:00:51]} 10. Qc1 {[%emt 0:02:58]} Be6 {[%emt 0:01:25]} 11. Ba3 {[%emt 0:01:51]} f5 {[%emt 0:08:59]} 12. Bxd6 {[%emt 0:04:49]} cxd6 {[%emt 0:02:06]} 13. Nc3 {[%emt 0:18:40]} Qg5 {[%emt 0:04:44]} 14. cxd5 {[%emt 0:06:48]} Qxg2 {[%emt 0:00:12]} 15. Rf1 {[%emt 0:00:21]} Bd7 {[%emt 0:01:04]} 16. dxc6 {[%emt 0:04:05]} Bxc6 {[%emt 0:00:14]} 17. Qa3 {[%emt 0:00:12]} Qxh2 {[%emt 0:01:22]} 18. Nc4 {[%emt 0:00:12]} Rh6 {[%emt 0:10:02]} 19. d5 {[%emt 0:06:14]} Bd7 {[%emt 0:06:39]} 20. Ke2 {[%emt 0:06:18]} Rd8 {[%emt 0:01:41]} 21. Qxa6 {[%emt 0:01:31]} Qg2 {[%emt 0:15:52]} 22. Nb5 {[%emt 0:04:51]} f4 {[%emt 0:03:13]} 23. Nbxd6+ {[%emt 0:01:37]} Ke7 {[%emt 0:00:16]} 24. Qa3 {[%emt 0:02:20]} Bg4+ {[%emt 0:00:26]} 25. Ke1 {[%emt 0:06:12]} Rhxd6 {[%emt 0:01:49]} 26. Nxd6 {[%emt 0:02:15]} Rxd6 {[%emt 0:00:38]} 27. Rc1 {[%emt 0:00:31]} Bd7 {[%emt 0:03:45]} 28. exf4 {[%emt 0:04:02]} Nf6 {[%emt 0:00:33]} 29. Rc3 {[%emt 0:00:20]} Nxd5 {[%emt 0:06:36]} 30. Rg3 {[%emt 0:01:36]} Nxf4 {[%emt 0:00:23]} 31. Rxg2 {[%emt 0:02:18]} Nxg2+ {[%emt 0:00:07]} 32. Ke2 {[%emt 0:00:12]} Bb5# {[%emt 0:00:06]} 0-1

[Event "Torneo Benidorm Gran Hotel Bali - B 2022"]
[Site "Benidorm ESP"]
[Date "2022.12.09"]
[Round "8.5"]
[White "Ferro Martinez, Damian"]
[Black "Hall, Rachid"]
[Result "1-0"]
[WhiteElo "1911"]
[BlackElo "1873"]
[PlyCount "119"]
[EventDate "2022.12.03"]
[EventType "swiss"]
[EventRounds "9"]
[EventCountry "ESP"]
[SourceTitle "Ajedrez en Madrid"]
[Source "lmi"]
[SourceDate "2022.12.03"]
[SourceVersion "1"]
[SourceVersionDate "2022.12.10"]
[SourceQuality "1"]

1. d4 {[%emt 0:09:32]} Nf6 {[%emt 0:00:43]} 2. Bf4 {[%emt 0:00:05]} d6 {[%emt 0:03:32]} 3. Nf3 {[%emt 0:00:06]} Bg4 {[%emt 0:02:48]} 4. Nbd2 {[%emt 0:00:48]} e6 {[%emt 0:00:41]} 5. h3 {[%emt 0:00:34]} Bh5 {[%emt 0:00:59]} 6. c3 {[%emt 0:00:47]} Be7 {[%emt 0:00:22]} 7. e4 {[%emt 0:03:28]} Nbd7 {[%emt 0:01:28]} 8. Qb3 {[%emt 0:04:30]} O-O {[%emt 0:01:22]} 9. Bd3 {[%emt 0:01:48]} b5 {[%emt 0:01:43]} 10. g4 {[%emt 0:04:49]} Bg6 {[%emt 0:00:06]} 11. h4 {[%emt 0:00:04]} c5 {[%emt 0:00:08]} 12. Qxb5 {[%emt 0:00:58]} Rb8 {[%emt 0:00:23]} 13. Qa6 {[%emt 0:00:21]} Rb6 {[%emt 0:04:42]} 14. Qxa7 {[%emt 0:03:53]} Qc8 {[%emt 0:01:54]} 15. h5 {[%emt 0:05:14]} Bxe4 {[%emt 0:00:20]} 16. Nxe4 {[%emt 0:00:07]} Nxe4 17. Bxe4 {[%emt 0:00:04]} Ra6 18. Qb7 {[%emt 0:00:14]} Qxb7 {[%emt 0:01:50]} 19. Bxb7 {[%emt 0:00:03]} Rb6 {[%emt 0:00:01]} 20. Be4 {[%emt 0:01:09]} cxd4 {[%emt 0:00:07]} 21. cxd4 {[%emt 0:03:39]} Rxb2 {[%emt 0:00:02]} 22. g5 {[%emt 0:02:45]} d5 {[%emt 0:02:28]} 23. Bd3 {[%emt 0:02:55]} Ra8 {[%emt 0:01:03]} 24. a4 {[%emt 0:02:28]} Bb4+ {[%emt 0:00:55]} 25. Bd2 {[%emt 0:00:32]} Bxd2+ {[%emt 0:03:09]} 26. Nxd2 {[%emt 0:02:58]} Rb4 {[%emt 0:00:15]} 27. Ke2 {[%emt 0:05:10]} Rxd4 {[%emt 0:01:25]} 28. Rhb1 {[%emt 0:01:12]} Ne5 {[%emt 0:01:29]} 29. Bb5 {[%emt 0:02:43]} f5 {[%emt 0:00:32]} 30. gxf6 {[%emt 0:01:41]} gxf6 {[%emt 0:00:04]} 31. Rg1+ {[%emt 0:00:32]} Kf8 {[%emt 0:00:05]} 32. h6 {[%emt 0:00:39]} Ng6 {[%emt 0:02:33]} 33. a5 {[%emt 0:02:09]} Ke7 {[%emt 0:02:24]} 34. Bc6 {[%emt 0:01:00]} Ra7 {[%emt 0:02:59]} 35. a6 {[%emt 0:01:17]} Rh4 {[%emt 0:00:54]} 36. Nf3 {[%emt 0:00:37]} Rxh6 {[%emt 0:01:00]} 37. Nd4 {[%emt 0:01:13]} Rh4 {[%emt 0:00:59]} 38. Nb5 {[%emt 0:00:26]} Re4+ {[%emt 0:01:57]} 39. Kf1 {[%emt 0:00:30]} Rxa6 {[%emt 0:05:00]} 40. Rxa6 {[%emt 0:00:07]} f5 41. Ra7+ {[%emt 0:00:17]} Kf6 {[%emt 0:00:06]} 42. Rxh7 {[%emt 0:03:42]} Nf4 {[%emt 0:00:28]} 43. Rg3 {[%emt 0:08:42]} Rb4 {[%emt 0:03:48]} 44. Rh6+ {[%emt 0:05:39]} Ke7 {[%emt 0:06:19]} 45. Ke1 {[%emt 0:05:15]} d4 {[%emt 0:11:08]} 46. Ra3 {[%emt 0:05:36]} Kf7 {[%emt 0:03:03]} 47. Ra7+ {[%emt 0:00:43]} Kg8 {[%emt 0:00:02]} 48. Rhh7 {[%emt 0:00:43]} Rb1+ {[%emt 0:02:12]} 49. Kd2 {[%emt 0:00:03]} Rb2+ {[%emt 0:00:13]} 50. Kc1 {[%emt 0:00:23]} Nd3+ {[%emt 0:00:16]} 51. Kd1 {[%emt 0:00:01]} Nxf2+ {[%emt 0:00:45]} 52. Ke1 {[%emt 0:00:08]} Nd3+ {[%emt 0:08:13]} 53. Kf1 {[%emt 0:00:09]} Rb1+ {[%emt 0:00:43]} 54. Kg2 {[%emt 0:04:08]} Rb2+ {[%emt 0:06:07]} 55. Kh3 {[%emt 0:04:13]} Nf4+ 56. Kg3 {[%emt 0:00:09]} Ne2+ {[%emt 0:00:04]} 57. Kf3 {[%emt 0:00:26]} Ng1+ {[%emt 0:00:13]} 58. Kf4 {[%emt 0:00:19]} Ne2+ {[%emt 0:02:09]} 59. Ke5 {[%emt 0:00:36]} d3 {[%emt 0:03:26]} 60. Kf6 {[%emt 0:00:16]} 1-0

[Event "Torneo Benidorm Gran Hotel Bali - B 2022"]
[Site "Benidorm ESP"]
[Date "2022.12.09"]
[Round "8.6"]
[White "Anguas Fanlo, Sergio"]
[Black "Romera Carrion, Ruben"]
[Result "1/2-1/2"]
[WhiteElo "1884"]
[BlackElo "1870"]
[PlyCount "62"]
[EventDate "2022.12.03"]
[EventType "swiss"]
[EventRounds "9"]
[EventCountry "ESP"]
[SourceTitle "Ajedrez en Madrid"]
[Source "lmi"]
[SourceDate "2022.12.03"]
[SourceVersion "1"]
[SourceVersionDate "2022.12.10"]
[SourceQuality "1"]

1. d4 {[%emt 0:33:32]} Nf6 {[%emt 0:00:49]} 2. Nf3 {[%emt 0:00:03]} e6 {[%emt 0:00:04]} 3. Bg5 {[%emt 0:00:34]} Be7 {[%emt 0:00:05]} 4. e3 {[%emt 0:00:09]} d5 {[%emt 0:00:05]} 5. Bd3 {[%emt 0:00:18]} h6 {[%emt 0:00:16]} 6. Bxf6 {[%emt 0:00:45]} Bxf6 {[%emt 0:00:06]} 7. Nbd2 {[%emt 0:00:10]} Nd7 {[%emt 0:00:37]} 8. O-O {[%emt 0:00:34]} O-O {[%emt 0:00:57]} 9. Rc1 {[%emt 0:01:34]} e5 {[%emt 0:02:00]} 10. dxe5 {[%emt 0:05:16]} Nxe5 {[%emt 0:07:50]} 11. Nxe5 {[%emt 0:00:28]} Bxe5 {[%emt 0:00:04]} 12. c3 {[%emt 0:00:05]} c6 {[%emt 0:10:23]} 13. Qh5 {[%emt 0:04:58]} Qg5 {[%emt 0:02:45]} 14. Qxg5 {[%emt 0:08:53]} hxg5 {[%emt 0:01:08]} 15. Nf3 {[%emt 0:05:14]} Bf6 {[%emt 0:00:49]} 16. Rfe1 {[%emt 0:06:28]} Bg4 {[%emt 0:02:48]} 17. e4 {[%emt 0:05:08]} dxe4 {[%emt 0:01:00]} 18. Bxe4 {[%emt 0:00:05]} Rad8 {[%emt 0:01:12]} 19. Rcd1 {[%emt 0:07:17]} Rxd1 {[%emt 0:09:56]} 20. Rxd1 {[%emt 0:00:17]} Rd8 {[%emt 0:00:05]} 21. Rxd8+ {[%emt 0:00:45]} Bxd8 {[%emt 0:00:03]} 22. Nd4 {[%emt 0:04:05]} g6 {[%emt 0:02:55]} 23. h3 {[%emt 0:05:11]} Bd7 {[%emt 0:00:17]} 24. Bc2 {[%emt 0:00:13]} Bf6 {[%emt 0:02:29]} 25. Nb3 {[%emt 0:01:51]} b6 {[%emt 0:00:10]} 26. Nd2 {[%emt 0:00:13]} g4 {[%emt 0:03:25]} 27. hxg4 {[%emt 0:03:50]} Bxg4 {[%emt 0:02:48]} 28. Ne4 {[%emt 0:00:33]} Be7 {[%emt 0:00:08]} 29. Bb3 {[%emt 0:00:22]} Bf5 {[%emt 0:01:39]} 30. f3 {[%emt 0:07:01]} Bxe4 {[%emt 0:05:02]} 31. fxe4 {[%emt 0:00:01]} Bf6 {[%emt 0:00:33]} 1/2-1/2